Legal and Documentary Arabic Reader (Record no. 545)

MARC details
000 -LEADER
fixed length control field 00657nam a2200241 a 4500
020 ## - INTERNATIONAL STANDARD BOOK NUMBER
ISBN
082 00 - DEWEY DECIMAL CLASSIFICATION NUMBER
Classification number 492.75
Author Cutter MAN1
100 ## - MAIN ENTRY--AUTHOR NAME
Author name Mansoor, M
245 ## - TITLE STATEMENT
Title Legal and Documentary Arabic Reader
260 ## - PUBLICATION, DISTRIBUTION, ETC. (IMPRINT)
Place of publication Leiden
Name of publisher E. J. Brill
Year of publication 1965
300 ## - PHYSICAL DESCRIPTION
Number of Pages 300p
500 ## - GENERAL NOTE
General note includes index and biblioraphy
505 2# - FORMATTED CONTENTS NOTE
Formatted contents note Index, Bibliography
505 2# - FORMATTED CONTENTS NOTE
Formatted contents note Index, Bibliography00
650 ## - SUBJECT ADDED ENTRY--TOPICAL TERM
Topical Term Arabic-Course Book
942 ## - ADDED ENTRY ELEMENTS (KOHA)
Koha item type Books
Holdings
Collection code Home library Current library Shelving location Date acquired Cost, normal purchase price Full call number Accession Number Koha item type
Reference Henry Martyn Institute Library Henry Martyn Institute Library Reference   100.00 492.75 MAN1 03599 Books
Reference Henry Martyn Institute Library Henry Martyn Institute Library Reference   100.00 492.75 MAN1 03600 Books
                   Copyright © 2026 | Henry Martyn Institute | Hyderabad | TS-500052 | INDIA | Implemented by hmi.edu.in
Hit-Count:

Powered by Koha